LEADER 01777nam 2200397 n 450 001 996393230003316 005 20200824121703.0 035 $a(CKB)4940000000113817 035 $a(EEBO)2248540037 035 $a(UnM)ocm99887556e 035 $a(UnM)99887556 035 $a(EXLCZ)994940000000113817 100 $a19980507d1650 uy 101 0 $aeng 135 $aurbn||||a|bb| 200 14$aThe merry mans resolution or, His last farewell to his former acquaintance$b[electronic resource] $edeclaring how hee rambled up and down, through all the suburbs of fair London town, where pretty wenches hee did plenty find, but some of them agreed not with his mind, till at the last by chance hee found out one, which pleas'd him best, so left the rest alone, to her hee then cling'd close as I heard tell, made her his mate and bid the rest farewell. To a gallant new tune, called the Highlanders new rant 210 $aLondon $cprinted for F. Grove on Snow-Hill$d[1650?] 215 $a1 sheet ([1] p.) $cill 300 $aSigned: L.P. [i.e. Laurence Price]. 300 $aDate of publication suggested by Wing. 300 $aVerse: "Now farewell to Saint Gileses ..." 300 $aIn two parts, printed side by side. 300 $aImperfect: cropped, affecting title. 300 $aReproduction of original in the British Library. 330 $aeebo-0018 606 $aBallads, English$y17th century 615 0$aBallads, English 700 $aL. P$g(Laurence Price),$ffl. 1625-1680?$01001543 801 0$bCu-RivES 801 1$bCu-RivES 801 2$bCStRLIN 801 2$bCu-RivES 906 $aBOOK 912 $a996393230003316 996 $aThe merry mans resolution, or, His last farewell to his former acquaintance$92321386 997 $aUNISA LEADER 01728nam0 22003733i 450 001 TO01395094 005 20251003044411.0 010 $a8883636724 100 $a20130827d2004 ||||0itac50 ba 101 | $aita 102 $ait 181 1$6z01$ai $bxxxe 182 1$6z01$an 200 1 $aCommercio urbano e nuovi strumenti di governance$elinee guida per lo sviluppo del Town centre management in Italia$fLuca Zanderighi$gprefazione di Luca Pellegrini 210 $aMilano$cINDICOD-ECR, Istituto per le imprese di beni di consumo$cIlsole 24 ore$d2004 215 $aXVII, 149 p.$d22 cm. 225 | $aStudi 410 0$1001CFI0169972$12001 $aStudi 606 $aCommercio al minuto$xZone urbane$2FIR$3CFIC071322$9E 676 $a381$9Commercio$v14 676 $a381.1091732$9COMMERCIO AL MINUTO. REGIONI URBANE$v21 696 $aCommercio al dettaglio$aCentri abitati$aAree urbane 699 $aCommercio al minuto$yCommercio al dettaglio 699 $aZone urbane$yCentri abitati 699 $aZone urbane$yAree urbane 700 1$aZanderighi$b, Luca$3CFIV116143$4070$0307360 801 3$aIT$bIT-000000$c20130827 850 $aIT-BN0095 901 $bNAP 01$cPOZZO LIB.$nVi sono collocati fondi di economia, periodici di ingegneria e scienze, periodici di economia e statistica e altri fondi comprendenti documenti di economia pervenuti in dono. 912 $aTO01395094 950 0$aBiblioteca Centralizzata di Ateneo$c1 v.$d 01POZZO LIB.ECON MON 1188$e 0101 0000185625E VMA 1 v. (Precedente collocazione: DASES B 787)$fB $h20081218$i20081218 977 $a 01 996 $aCommercio urbano e nuovi strumenti di governance$968451 997 $aUNISANNIO